🇳🇱🍺 Dutch Beer - Sudden Death - Statistics

General Stats
  • This quiz has been taken 2,332 times
  • The average score is 6 of 15
Answers on the Grid
Answers color-coded by a green-red scale on the quiz's grid according to % correct below.
8.6
Amstel
Bavaria
Becks
Blue Moon
Brand
Buckler
Budels
Budvar
Chimay
Dommelsch
Grolsch
Heineken
Hollandia
Kronenbourg
Kroon
La Trappe
Oranjeboom
Rodenbach
Staropramen
Swinckels
Tuborg
Westmalle
Zundert
 
Answer Stats
Answer % Correct
Amstel
89%
Heineken
80%
Grolsch
62%
Bavaria
58%
Oranjeboom
50%
Brand
48%
Hollandia
42%
Kroon
34%
Swinckels
33%
Dommelsch
31%
La Trappe
26%
Zundert
26%
8.6
21%
Budels
18%
Buckler
9%
No matching quizzes found
Score Distribution
Percent of People with Each Score
Percentile by Number Answered
Your Score History
You have not taken this quiz